Конкурентоспособность территории: инвестиционные аспекты (на примере Самарской области): автореферат диссертации на соискание ученой степени кандидата экономических наук; спец. 08.00.05

Opis bibliograficzny
1. autor: Петров М. В. Михаил Викторович
Kolejni autorzy: Хасаев Г. Р. Габибулла Рабаданович (научный руководитель)
Streszczenie:Защита состоится 24 мая 2007.
Język:rosyjski
Wydane: Самара, [Б. и.], 2007
Hasła przedmiotowe:
Format: MixedMaterials Książka
KOHA link:https://koha.lib.tpu.ru/cgi-bin/koha/opac-detail.pl?biblionumber=118536

MARC

LEADER 00000nam0a2200000 4500
001 118536
005 20231031124154.0
035 |a (RuTPU)RU\TPU\book\128262 
090 |a 118536 
100 |a 20070613d2007 k y0rusy50 ca 
101 0 |a rus 
102 |a RU 
105 |a a dm 001zy 
200 1 |a Конкурентоспособность территории: инвестиционные аспекты (на примере Самарской области)  |e автореферат диссертации на соискание ученой степени кандидата экономических наук  |e спец. 08.00.05 
210 |a Самара  |c [Б. и.]  |d 2007 
215 |a 22 с.  |c ил. 
300 |a Защита состоится 24 мая 2007. 
320 |a Библиогр.: с. 22 (5 назв.). 
610 1 |a экономика 
610 1 |a экономическая география 
610 1 |a Самарская область 
610 1 |a конкурентоспособность 
610 1 |a регионы 
610 1 |a инвестиции 
610 1 |a инвестиционная активность 
610 1 |a инвестиционные проекты 
610 1 |a авторефераты диссертаций 
686 |a 08.00.05  |2 oksvnk 
686 |a У9(2Р35)-56  |2 rubbk 
700 1 |a Петров  |b М. В.  |g Михаил Викторович 
702 1 |a Хасаев  |b Г. Р.  |g Габибулла Рабаданович  |4 727 
801 1 |a RU  |b 63413507  |c 20070613  |g PSBO 
801 2 |a RU  |b 63413507  |c 20070911  |g PSBO 
942 |c BK